| 000 | 00651nam a2200277Ia 4500 | ||
|---|---|---|---|
| 005 | 20260324150535.0 | ||
| 008 | 008 260324s9999 xx 000 0 eng d | ||
| 020 | _a9780203706046 | ||
| 037 | _aEBOOK | ||
| 040 | _aCRL | ||
| 040 | _beng | ||
| 040 | _cCRL | ||
| 041 | _2eng | ||
| 041 | _aeng | ||
| 084 | _qCRL | ||
| 100 |
_aRoberto Ridolfi; Cecil Grayson _91226773 |
||
| 245 | 4 | _aThe Life of Niccolò Machiavelli | |
| 260 | _bTaylor and Francis | ||
| 260 | _c1963 | ||
| 365 | _a | ||
| 365 | _b290 | ||
| 856 | _uhttp://www.taylorfrancis.com/books/9780203706046 | ||
| 942 | _cEBOOK | ||
| 999 |
_c1836390 _d1836390 |
||